000 00208nam a22000857a 4500
001 1235264
005 20250930115908.0
245 _aAĞAÇTAKİ EV
_cBİANCA PİTZORNO
260 _bGÜNIŞIĞI KİTAPLIĞI YAYINLARI
999 _c1235264
_d1235264